000 00469nam a2200193 a 4500
001 1764842421892
003 ACL
005 20251204153253.0
008 251204s2003##################000#0#eng##
020 _a9789058095435
082 0 4 _a624.193
_bSAV
100 1 _aSaveur, Jan,
_eauthor.
245 1 0 _a(Re)claiming the Underground Space :
260 _bCRC Press,
_c2003.
300 _a616 pages
650 0 _aNature.
942 _cENGLISH
040 _aACL
_beng
_cACL
999 _c600115
_d600115